[Event "GBR-ch blitz"]
[Site "Birmingham"]
[Date "2019.11.16"]
[Round "3"]
[White "Camacho Collados, Jose"]
[Black "Willow, Jonah B"]
[Result "1-0"]
[WhiteElo "2390"]
[BlackElo "2187"]
[PlyCount "119"]
[EventDate "2019.11.16"]
[EventType "tourn (blitz)"]
[EventRounds "15"]
[EventCountry "ENG"]
[EventCategory "5"]
[SourceTitle "BritBase"]
[Source "John Saunders"]
[SourceDate "2024.03.28"]
[SourceVersion "1"]
[SourceVersionDate "2024.03.28"]
[SourceQuality "1"]

1. Nf3 c5 2. g3 Nc6 3. Bg2 g6 4. c3 Bg7 5. d4 cxd4 6. cxd4 Nf6 7. Nc3 d5 8. O-O
O-O 9. Bf4 Ne4 10. Rc1 Bf5 11. Qa4 a6 12. Rfd1 b5 13. Qb3 Na5 14. Qb4 Nc4 15.
b3 Nxc3 16. Rxc3 Nd6 17. Ne5 a5 18. Qc5 Rc8 19. Nc6 Qd7 20. Bxd6 exd6 21. Qxd5
Be6 22. Qxb5 d5 23. Bxd5 Bxd5 24. Qxd5 Qb7 25. Rdc1 Rc7 26. e3 Kh8 27. Qxa5
Rfc8 28. Rc5 Bf8 29. R5c4 Rxc6 30. Rxc6 Rxc6 31. Rxc6 Qxc6 32. Qd8 Kg8 33. h4
Qc1+ 34. Kg2 Qc2 35. h5 Qe4+ 36. Kh2 Qf3 37. Kg1 Qd1+ 38. Kg2 Qxh5 39. a4 Qf5
40. a5 Qe4+ 41. Kg1 Qb1+ 42. Kh2 Qxb3 43. a6 Qa2 44. Qf6 h5 45. Kg1 Bg7 46.
Qd8+ Kh7 47. Qb6 Qa1+ 48. Kg2 h4 49. gxh4 Qa2 50. Qb7 Qe6 51. a7 Qg4+ 52. Kf1
Qd1+ 53. Kg2 Qg4+ 54. Kh2 Qxh4+ 55. Kg1 Qg4+ 56. Qg2 Qd1+ 57. Kh2 Bf8 58. a8=Q
Bd6+ 59. f4 Kg7 60. Qaf3 1-0

[Event "GBR-ch blitz"]
[Site "Birmingham"]
[Date "2019.11.16"]
[Round "3"]
[White "D'Costa, Lorin AR"]
[Black "Haydon, David Leslie"]
[Result "1/2-1/2"]
[WhiteElo "2370"]
[BlackElo "2366"]
[PlyCount "130"]
[EventDate "2019.11.16"]
[EventType "tourn (blitz)"]
[EventRounds "15"]
[EventCountry "ENG"]
[EventCategory "5"]
[SourceTitle "BritBase"]
[Source "John Saunders"]
[SourceDate "2024.03.28"]
[SourceVersion "1"]
[SourceVersionDate "2024.03.28"]
[SourceQuality "1"]

1. d4 c6 2. Bf4 d5 3. e3 Nf6 4. c4 e6 5. Nc3 Bd6 6. Bg3 O-O 7. Nf3 Qe7 8. Bd3
Nbd7 9. Qc2 e5 10. cxd5 cxd5 11. dxe5 Nxe5 12. Nxe5 Bxe5 13. Bh4 d4 14. Nd5 Qd6
15. Nxf6+ Bxf6 16. Bxf6 Qxf6 17. Bxh7+ Kh8 18. Bd3 dxe3 19. O-O Be6 20. fxe3
Qe5 21. Rf3 Rac8 22. Qf2 Kg8 23. Rf1 Qd5 24. Bb1 Qg5 25. Rg3 Qh6 26. Qf4 Qxf4
27. exf4 Bc4 28. Re1 Rfd8 29. Rc3 Bd5 30. Rxc8 Rxc8 31. Kf2 Kf8 32. g3 Rc6 33.
a3 Rb6 34. Re2 Bc4 35. Rd2 Rh6 36. h4 Rb6 37. Ke3 Be6 38. f5 Bb3 39. Kf4 f6 40.
g4 Bf7 41. g5 Ke7 42. Be4 Rb3 43. Bf3 b6 44. Bd1 Rh3 45. Kg4 Re3 46. Re2 Rxe2
47. Bxe2 Kd6 48. gxf6 gxf6 49. Kf4 Ke7 50. h5 Kf8 51. Ke4 Kg7 52. Kd4 Kh6 53.
b4 Kg5 54. Bd3 Kxh5 55. a4 Kg5 56. a5 Kf4 57. axb6 axb6 58. Bb1 Bg8 59. Bc2 Bh7
60. Kd5 Bxf5 61. Bd1 Bd7 62. Kd6 Bg4 63. Bc2 b5 64. Bd3 Ke3 65. Bxb5 Kd4
1/2-1/2

[Event "GBR-ch blitz"]
[Site "Birmingham"]
[Date "2019.11.16"]
[Round "3"]
[White "Ghasi, Ameet K"]
[Black "Rendle, Thomas"]
[Result "1-0"]
[WhiteElo "2582"]
[BlackElo "2461"]
[PlyCount "85"]
[EventDate "2019.11.16"]
[EventType "tourn (blitz)"]
[EventRounds "15"]
[EventCountry "ENG"]
[EventCategory "5"]
[SourceTitle "BritBase"]
[Source "John Saunders"]
[SourceDate "2024.03.28"]
[SourceVersion "1"]
[SourceVersionDate "2024.03.28"]
[SourceQuality "1"]

1. Nf3 f5 2. d4 Nf6 3. Bg5 e6 4. Nbd2 Be7 5. Bxf6 Bxf6 6. e4 d5 7. e5 Be7 8.
Bd3 c5 9. dxc5 Bxc5 10. O-O Nc6 11. Nb3 Bb6 12. Qe2 O-O 13. Rfd1 a5 14. a4 Qe7
15. Bb5 Qb4 16. Qd2 Qe4 17. Re1 Qg4 18. h3 Qh5 19. Rac1 h6 20. Nfd4 Bd7 21.
Bxc6 bxc6 22. c4 Rab8 23. cxd5 cxd5 24. Nc5 Qf7 25. b3 Qe7 26. Nxd7 Qxd7 27.
Nb5 f4 28. Kh2 f3 29. g3 Bd8 30. Qd3 Bg5 31. Rc7 Qe8 32. h4 Bd8 33. Ra7 Rf7 34.
Ra6 Qf8 35. Nd6 Rc7 36. Qg6 Rxb3 37. Qxe6+ Kh8 38. Nf5 Rb2 39. Kg1 Rcc2 40. Rf1
Qc5 41. Qe8+ Kh7 42. Qg6+ Kh8 43. Qxg7# 1-0

[Event "GBR-ch blitz"]
[Site "Birmingham"]
[Date "2019.11.16"]
[Round "3"]
[White "Greet, Andrew N"]
[Black "Arkell, Keith C"]
[Result "1/2-1/2"]
[WhiteElo "2425"]
[BlackElo "2464"]
[PlyCount "93"]
[EventDate "2019.11.16"]
[EventType "tourn (blitz)"]
[EventRounds "15"]
[EventCountry "ENG"]
[EventCategory "5"]
[SourceTitle "BritBase"]
[Source "John Saunders"]
[SourceDate "2024.03.28"]
[SourceVersion "1"]
[SourceVersionDate "2024.03.28"]
[SourceQuality "1"]

1. e4 e6 2. Nf3 d5 3. e5 c5 4. b4 cxb4 5. d4 Nc6 6. a3 bxa3 7. c3 Bd7 8. Bd3
Nh6 9. O-O Nf5 10. Nxa3 a6 11. Nc2 Be7 12. Ne3 Nxe3 13. fxe3 O-O 14. e4 dxe4
15. Bxe4 f5 16. Bb1 Qe8 17. Ba2 Bd8 18. Ba3 Ne7 19. c4 b5 20. d5 bxc4 21. Bxe7
Qxe7 22. d6 Qf7 23. Bxc4 Bb6+ 24. Kh1 a5 25. Qb3 Rfb8 26. Ng5 Qg6 27. Bxe6+
Bxe6 28. Qxe6+ Qxe6 29. Nxe6 Re8 30. Nc7 Bxc7 31. dxc7 Rxe5 32. Rfc1 Ree8 33.
Kg1 Kf7 34. Rc5 g6 35. Raxa5 Rxa5 36. Rxa5 Rc8 37. Rc5 Ke6 38. Kf2 Kd6 39. Ra5
Rxc7 40. h4 Ke6 41. Ra6+ Kf7 42. g3 Kg7 43. Kf3 Re7 44. h5 Rf7 45. hxg6 hxg6
46. Kf4 Rf6 47. Ra1 1/2-1/2

[Event "GBR-ch blitz"]
[Site "Birmingham"]
[Date "2019.11.16"]
[Round "3"]
[White "Sherwin, James T"]
[Black "Tan, Justin Hy"]
[Result "0-1"]
[WhiteElo "2227"]
[BlackElo "2469"]
[PlyCount "58"]
[EventDate "2019.11.16"]
[EventType "tourn (blitz)"]
[EventRounds "15"]
[EventCountry "ENG"]
[EventCategory "5"]
[SourceTitle "BritBase"]
[Source "John Saunders"]
[SourceDate "2024.03.28"]
[SourceVersion "1"]
[SourceVersionDate "2024.03.28"]
[SourceQuality "1"]

1. Nf3 d5 2. d4 Nf6 3. c4 e6 4. Nc3 c6 5. e3 Nbd7 6. Qc2 Bd6 7. b3 O-O 8. Bb2
e5 9. cxd5 cxd5 10. dxe5 Nxe5 11. Be2 Nxf3+ 12. Bxf3 d4 13. exd4 Re8+ 14. Be2
Ng4 15. h3 Qh4 16. O-O Nf6 17. Nb5 Bb8 18. Rae1 Bxh3 19. gxh3 Qxh3 20. f4 Qg3+
21. Kh1 Bxf4 22. Rxf4 Qh3+ 23. Kg1 Qg3+ 24. Kh1 Qxf4 25. Rf1 Qh4+ 26. Kg2 Rac8
27. Qd3 Nd5 28. Bc1 Rxc1 29. Rxc1 Nf4+ 0-1

[Event "GBR-ch blitz"]
[Site "Birmingham"]
[Date "2019.11.16"]
[Round "3"]
[White "Turner, Matthew"]
[Black "Gormally, Daniel"]
[Result "1/2-1/2"]
[WhiteElo "2534"]
[BlackElo "2555"]
[PlyCount "118"]
[EventDate "2019.11.16"]
[EventType "tourn (blitz)"]
[EventRounds "15"]
[EventCountry "ENG"]
[EventCategory "5"]
[SourceTitle "BritBase"]
[Source "John Saunders"]
[SourceDate "2024.03.28"]
[SourceVersion "1"]
[SourceVersionDate "2024.03.28"]
[SourceQuality "1"]

1. d4 Nf6 2. Nf3 g6 3. g3 Bg7 4. Bg2 O-O 5. O-O d6 6. d5 c6 7. c4 cxd5 8. cxd5
Na6 9. Nc3 Bd7 10. Be3 Qa5 11. Rc1 Rfc8 12. Qb3 Nc5 13. Bxc5 Qxc5 14. Qxb7 Rab8
15. Qa6 Rxb2 16. e4 Qb4 17. Ne2 Rxc1 18. Nxc1 Bb5 19. Qc8+ Bf8 20. Re1 Nxe4 21.
a3 Qc5 22. Qxc5 Nxc5 23. Nd4 Ba4 24. Nc6 e5 25. dxe6 Nxe6 26. Nxa7 d5 27. Bxd5
Bc5 28. Nd3 Rd2 29. Nxc5 Nxc5 30. Bc6 Bb3 31. Bb5 Ra2 32. Nc6 Rxa3 33. Nd4 Bd5
34. Bc6 Rd3 35. Bxd5 Rxd4 36. Bc6 Rd2 37. Bb5 Rb2 38. Bf1 Kf8 39. h4 h5 40. Re5
Rc2 41. Kg2 Ne6 42. Re4 Ng7 43. Rc4 Rxc4 44. Bxc4 Nf5 45. Kf3 Ke7 46. Kf4 Kf6
47. f3 Nd4 48. g4 hxg4 49. fxg4 g5+ 50. hxg5+ Kg7 51. Ke5 Nf3+ 52. Kf4 Nd4 53.
Bd5 Nb5 54. Ke5 Kg6 55. Bc4 Nc7 56. Kf4 Ne6+ 57. Bxe6 fxe6 58. Ke5 Kxg5 59.
Kxe6 Kxg4 1/2-1/2

[Event "GBR-ch blitz"]
[Site "Birmingham"]
[Date "2019.11.16"]
[Round "4"]
[White "Arkell, Keith C"]
[Black "Pein, Jonathan"]
[Result "1-0"]
[WhiteElo "2464"]
[BlackElo "2208"]
[PlyCount "62"]
[EventDate "2019.11.16"]
[EventType "tourn (blitz)"]
[EventRounds "15"]
[EventCountry "ENG"]
[EventCategory "5"]
[SourceTitle "BritBase"]
[Source "John Saunders"]
[SourceDate "2024.03.28"]
[SourceVersion "1"]
[SourceVersionDate "2024.03.28"]
[SourceQuality "1"]

1. d4 d5 2. Nf3 Nc6 3. c4 Bg4 4. Nc3 e6 5. cxd5 exd5 6. Bg5 f6 7. Bf4 Nge7 8.
e3 g5 9. Bg3 h5 10. h3 Be6 11. Bd3 Bg7 12. a3 Qd7 13. Qc2 Bf5 14. O-O-O a6 15.
h4 Bxd3 16. Qxd3 g4 17. Nd2 O-O-O 18. Nb3 Qf5 19. Qxf5+ Nxf5 20. Bf4 Bh6 21.
Bxh6 Rxh6 22. g3 b6 23. Kc2 Rhh8 24. Nc1 Kb7 25. Nd3 Nd6 26. Nxd5 Rhf8 27. N5f4
Rde8 28. Nxh5 Ne7 29. Nhf4 Nef5 30. h5 Ne4 31. Rde1 Ng5 1-0

[Event "GBR-ch blitz"]
[Site "Birmingham"]
[Date "2019.11.16"]
[Round "4"]
[White "Beardsworth, Allan William"]
[Black "D'Costa, Lorin AR"]
[Result "0-1"]
[WhiteElo "2144"]
[BlackElo "2370"]
[PlyCount "44"]
[EventDate "2019.11.16"]
[EventType "tourn (blitz)"]
[EventRounds "15"]
[EventCountry "ENG"]
[EventCategory "5"]
[SourceTitle "BritBase"]
[Source "John Saunders"]
[SourceDate "2024.03.28"]
[SourceVersion "1"]
[SourceVersionDate "2024.03.28"]
[SourceQuality "1"]

1. e4 c5 2. Nf3 d6 3. Be2 Nf6 4. c3 Nbd7 5. d3 b6 6. O-O Bb7 7. Nbd2 g6 8. a3
Bg7 9. b4 O-O 10. Bb2 Qc7 11. Re1 e5 12. Bf1 Rfe8 13. h3 d5 14. Rc1 Rad8 15.
Qb3 c4 16. dxc4 dxe4 17. Ng5 Nc5 18. Qc2 Nd3 19. Bxd3 exd3 20. Qa4 e4 21. h4
Ng4 22. g3 e3 0-1

[Event "GBR-ch blitz"]
[Site "Birmingham"]
[Date "2019.11.16"]
[Round "4"]
[White "Camacho Collados, Jose"]
[Black "Adair, James R"]
[Result "1-0"]
[WhiteElo "2390"]
[BlackElo "2484"]
[PlyCount "115"]
[EventDate "2019.11.16"]
[EventType "tourn (blitz)"]
[EventRounds "15"]
[EventCountry "ENG"]
[EventCategory "5"]
[SourceTitle "BritBase"]
[Source "John Saunders"]
[SourceDate "2024.03.28"]
[SourceVersion "1"]
[SourceVersionDate "2024.03.28"]
[SourceQuality "1"]

1. Nf3 c5 2. g3 g6 3. c3 Bg7 4. d4 Qb6 5. Bg2 Nf6 6. O-O O-O 7. Na3 d5 8. dxc5
Qxc5 9. Be3 Qa5 10. Qb3 Nc6 11. Rfd1 Rd8 12. c4 Qb4 13. Nd4 Qxb3 14. axb3 Be6
15. Nxe6 fxe6 16. Bh3 Kf7 17. Nb5 Ne8 18. Nd4 Bxd4 19. Bxd4 dxc4 20. Be3 cxb3
21. Rxd8 Rxd8 22. Ra3 Nc7 23. Rxb3 Nd5 24. Rxb7 Nxe3 25. fxe3 Rd2 26. Kf2 Ne5
27. b3 Rb2 28. Rxa7 g5 29. Rb7 g4 30. Bf1 Nd3+ 31. Kg2 Ne1+ 32. Kf2 Nd3+ 33.
Kg2 Ne1+ 34. Kg1 Rb1 35. Kf2 Nc2 36. h3 Rb2 37. hxg4 Na1 38. Ra7 Nxb3 39. Rb7
Rb1 40. Bg2 Nd2 41. Rxb1 Nxb1 42. Be4 Nc3 43. Bxh7 Kf6 44. Bd3 Kg5 45. Kf3 Nd5
46. Ke4 Nf6+ 47. Ke5 Kxg4 48. Kxe6 Kxg3 49. Kxe7 Ng4 50. e4 Kf4 51. Kd6 Kg5 52.
e5 Kh6 53. e6 Kg7 54. e7 Nf6 55. Ke6 Ne8 56. Bb5 Nf6 57. e8=Q Nxe8 58. Bxe8 1-0

[Event "GBR-ch blitz"]
[Site "Birmingham"]
[Date "2019.11.16"]
[Round "4"]
[White "Haydon, David Leslie"]
[Black "Ghasi, Ameet K"]
[Result "0-1"]
[WhiteElo "2366"]
[BlackElo "2582"]
[PlyCount "83"]
[EventDate "2019.11.16"]
[EventType "tourn (blitz)"]
[EventRounds "15"]
[EventCountry "ENG"]
[EventCategory "5"]
[SourceTitle "BritBase"]
[Source "John Saunders"]
[SourceDate "2024.03.28"]
[SourceVersion "1"]
[SourceVersionDate "2024.03.28"]
[SourceQuality "1"]

1. Nf3 Nf6 2. g3 g6 3. Bg2 Bg7 4. c4 O-O 5. Nc3 d6 6. d4 c6 7. O-O Qa5 8. d5
cxd5 9. cxd5 Na6 10. Nd4 Bd7 11. h3 Rfc8 12. Nb3 Qd8 13. Be3 Rc4 14. Qd2 Rac8
15. Rac1 Qc7 16. Nd4 Qa5 17. a3 Ne8 18. Nb3 Qc7 19. Bd4 Bxd4 20. Nxd4 Qb6 21.
e3 Nc5 22. Rfd1 Nb3 23. Nxb3 Qxb3 24. Bf1 R4c5 25. e4 b5 26. Bd3 b4 27. axb4
Qxb4 28. Rc2 a5 29. Rdc1 Bxh3 30. Qe3 Qb8 31. Be2 Bd7 32. Ra1 a4 33. Ra3 Qb4
34. Rd2 Nf6 35. e5 dxe5 36. Qxe5 R5c7 37. d6 Rc5 38. Qxe7 Rf5 39. Qe3 Re8 40.
Qd4 Qb7 41. Bd3 Rh5 42. Ne4 0-1

[Event "GBR-ch blitz"]
[Site "Birmingham"]
[Date "2019.11.16"]
[Round "4"]
[White "Rendle, Thomas"]
[Black "Sherwin, James T"]
[Result "0-1"]
[WhiteElo "2461"]
[BlackElo "2227"]
[PlyCount "97"]
[EventDate "2019.11.16"]
[EventType "tourn (blitz)"]
[EventRounds "15"]
[EventCountry "ENG"]
[EventCategory "5"]
[SourceTitle "BritBase"]
[Source "John Saunders"]
[SourceDate "2024.03.28"]
[SourceVersion "1"]
[SourceVersionDate "2024.03.28"]
[SourceQuality "1"]

1. e4 c5 2. Nc3 Nc6 3. Bb5 Nd4 4. Nf3 Nxb5 5. Nxb5 d6 6. d4 cxd4 7. Qxd4 a6 8.
Nc3 e5 9. Qd3 h6 10. Nd2 Be6 11. Nc4 Rc8 12. Ne3 Nf6 13. O-O Be7 14. b3 Qc7 15.
Bb2 O-O 16. Rfd1 Rfd8 17. Rac1 b5 18. Ncd5 Nxd5 19. Nxd5 Bxd5 20. Qxd5 Bg5 21.
Rb1 Qxc2 22. g3 Qc5 23. Qd3 Qc6 24. Qf3 Rd7 25. h4 Be7 26. Rd2 Qb7 27. Rbd1
Rdc7 28. Qd3 Rc6 29. Rf1 Qc7 30. Ba3 Rc3 31. Qe2 Rc2 32. Rfd1 Rxd2 33. Rxd2 a5
34. Qxb5 d5 35. Bb2 d4 36. Qd5 Bb4 37. Re2 Qe7 38. f4 Rd8 39. Qc4 d3 40. Bxe5
dxe2 41. Qxe2 Bc5+ 42. Kh2 Bd4 43. Bxd4 Rxd4 44. e5 Qd7 45. Qe3 Rd2+ 46. Kg1
Rd1+ 47. Kf2 Qd2+ 48. Qxd2 Rxd2+ 49. Ke3 0-1

[Event "GBR-ch blitz"]
[Site "Birmingham"]
[Date "2019.11.16"]
[Round "4"]
[White "Rush, Stephen"]
[Black "Turner, Matthew"]
[Result "0-1"]
[WhiteElo "2006"]
[BlackElo "2534"]
[PlyCount "50"]
[EventDate "2019.11.16"]
[EventType "tourn (blitz)"]
[EventRounds "15"]
[EventCountry "ENG"]
[EventCategory "5"]
[SourceTitle "BritBase"]
[Source "John Saunders"]
[SourceDate "2024.03.28"]
[SourceVersion "1"]
[SourceVersionDate "2024.03.28"]
[SourceQuality "1"]

1. d4 Nf6 2. c4 e6 3. Nc3 Bb4 4. f3 d5 5. a3 Be7 6. e4 c5 7. dxc5 Bxc5 8. cxd5
exd5 9. exd5 O-O 10. Bd3 b6 11. Nge2 Ba6 12. b4 Bd6 13. O-O Re8 14. Bg5 Qe7 15.
Ne4 Bxd3 16. Qxd3 Nbd7 17. Nxd6 Qxd6 18. Rad1 h6 19. Bh4 Rac8 20. Bg3 Qe7 21.
Nf4 Qe5 22. Rfe1 Qb2 23. Rxe8+ Rxe8 24. h3 g5 25. Ne2 Rxe2 0-1

[Event "GBR-ch blitz"]
[Site "Birmingham"]
[Date "2019.11.16"]
[Round "4"]
[White "Willow, Jonah B"]
[Black "Gormally, Daniel"]
[Result "0-1"]
[WhiteElo "2187"]
[BlackElo "2555"]
[PlyCount "69"]
[EventDate "2019.11.16"]
[EventType "tourn (blitz)"]
[EventRounds "15"]
[EventCountry "ENG"]
[EventCategory "5"]
[SourceTitle "BritBase"]
[Source "John Saunders"]
[SourceDate "2024.03.28"]
[SourceVersion "1"]
[SourceVersionDate "2024.03.28"]
[SourceQuality "1"]

1. e4 c5 2. Nf3 d6 3. d4 Nf6 4. Nc3 cxd4 5. Qxd4 a6 6. e5 Nc6 7. Qa4 dxe5 8.
Nxe5 Bd7 9. Nxd7 Qxd7 10. Bd2 e6 11. O-O-O Qc7 12. Bf4 Qa5 13. Qb3 Qb4 14. Qxb4
Bxb4 15. Be2 O-O 16. Bf3 Rac8 17. Bd6 Bxd6 18. Rxd6 Rc7 19. Rhd1 Ne5 20. Be2 h6
21. f4 Nc4 22. Bxc4 Rxc4 23. g3 Rfc8 24. Rd8+ Kh7 25. Rxc8 Rxc8 26. Kd2 b5 27.
a3 Nd7 28. Ke3 Nb6 29. Ke2 Nc4 30. b3 Nxa3 31. Kd3 b4 32. Na2 a5 33. c4 a4 34.
Nxb4 axb3 35. Kc3 0-1

[Event "GBR-ch blitz"]
[Site "Birmingham"]
[Date "2019.11.16"]
[Round "5"]
[White "Adair, James R"]
[Black "Willow, Jonah B"]
[Result "1-0"]
[WhiteElo "2484"]
[BlackElo "2187"]
[PlyCount "101"]
[EventDate "2019.11.16"]
[EventType "tourn (blitz)"]
[EventRounds "15"]
[EventCountry "ENG"]
[EventCategory "5"]
[SourceTitle "BritBase"]
[Source "John Saunders"]
[SourceDate "2024.03.28"]
[SourceVersion "1"]
[SourceVersionDate "2024.03.28"]
[SourceQuality "1"]

1. c4 c5 2. Nf3 Nc6 3. Nc3 g6 4. e3 Nf6 5. d4 cxd4 6. exd4 d5 7. cxd5 Nxd5 8.
Qb3 e6 9. Bb5 Bg7 10. O-O O-O 11. Bxc6 bxc6 12. Re1 Ba6 13. Ne4 Nb6 14. Nc5 Bc4
15. Qc2 Bd5 16. Ne5 Qh4 17. Be3 Bxe5 18. dxe5 Qg4 19. f4 f6 20. exf6 Rxf6 21.
b3 Raf8 22. Qe2 Qh4 23. Rad1 Rf5 24. Bf2 Qxf4 25. Bg3 Qg5 26. Nxe6 Bxe6 27.
Qxe6+ Kg7 28. Qxc6 R8f7 29. Qc3+ Kh6 30. h3 Nd5 31. Qc1 Qxc1 32. Rxc1 Nb4 33.
Re2 Ra5 34. a4 Rd5 35. Rc4 Rd1+ 36. Kh2 Nd5 37. Rh4+ Kg7 38. Be5+ Kf8 39. Rc4
Rff1 40. Rc8+ Kf7 41. Ra8 Rh1+ 42. Kg3 Rd3+ 43. Kf2 Rxb3 44. Rxa7+ Kg8 45. Rg7+
Kf8 46. Rxh7 Rbb1 47. Rc2 Rhf1+ 48. Kg3 Rb3+ 49. Kh2 Nb6 50. Rcc7 Re3 51. Rh8#
1-0

[Event "GBR-ch blitz"]
[Site "Birmingham"]
[Date "2019.11.16"]
[Round "5"]
[White "D'Costa, Lorin AR"]
[Black "Camacho Collados, Jose"]
[Result "1/2-1/2"]
[WhiteElo "2370"]
[BlackElo "2390"]
[PlyCount "105"]
[EventDate "2019.11.16"]
[EventType "tourn (blitz)"]
[EventRounds "15"]
[EventCountry "ENG"]
[EventCategory "5"]
[SourceTitle "BritBase"]
[Source "John Saunders"]
[SourceDate "2024.03.28"]
[SourceVersion "1"]
[SourceVersionDate "2024.03.28"]
[SourceQuality "1"]

1. d4 Nf6 2. Bf4 c5 3. e3 d5 4. dxc5 e6 5. b4 a5 6. c3 Nc6 7. Bb5 Bd7 8. Qb3 b6
9. Bxc6 Bxc6 10. b5 a4 11. Qb2 a3 12. Qb3 Bd7 13. c6 Bc8 14. Nf3 Bd6 15. Bxd6
Qxd6 16. Nbd2 e5 17. c4 Be6 18. Ng5 O-O 19. Nxe6 fxe6 20. f3 Qc5 21. O-O Ra5
22. Rab1 h5 23. Rfe1 e4 24. cxd5 exd5 25. Nxe4 Nxe4 26. fxe4 Rd8 27. exd5 Rxd5
28. Red1 Rxb5 29. Qxd5+ Qxd5 30. Rxd5 Rxb1+ 31. Kf2 Rc1 32. Rd3 Rxc6 33. Rxa3
Rc2+ 34. Kf3 Kf7 35. Ra6 b5 36. h3 g5 37. g3 b4 38. Ra5 Kg6 39. Ra6+ Kf7 40.
Rb6 Rxa2 41. Rxb4 Rh2 42. h4 g4+ 43. Kf4 Rf2+ 44. Kg5 Rf3 45. Kxh5 Rxg3 46.
Rf4+ Ke6 47. e4 Ke5 48. Rxg4 Rf3 49. Kg5 Rf8 50. h5 Rg8+ 51. Kh4 Rh8 52. Rg6
Kxe4 53. Kg5 1/2-1/2

[Event "GBR-ch blitz"]
[Site "Birmingham"]
[Date "2019.11.16"]
[Round "5"]
[White "Ghasi, Ameet K"]
[Black "Beardsworth, Allan William"]
[Result "1-0"]
[WhiteElo "2582"]
[BlackElo "2144"]
[PlyCount "75"]
[EventDate "2019.11.16"]
[EventType "tourn (blitz)"]
[EventRounds "15"]
[EventCountry "ENG"]
[EventCategory "5"]
[SourceTitle "BritBase"]
[Source "John Saunders"]
[SourceDate "2024.03.28"]
[SourceVersion "1"]
[SourceVersionDate "2024.03.28"]
[SourceQuality "1"]

1. Nf3 Nf6 2. g3 d6 3. d4 c6 4. Bg2 Nbd7 5. O-O e5 6. dxe5 dxe5 7. c4 Be7 8.
Nc3 O-O 9. Qc2 Qc7 10. Bg5 h6 11. Bd2 Nc5 12. Be3 a5 13. h3 Be6 14. b3 Rad8 15.
Rad1 Ncd7 16. Na4 Rc8 17. Nh4 b5 18. Nb2 Bc5 19. Bxc5 Nxc5 20. Nf5 b4 21. g4
Rcd8 22. Ng3 Rd4 23. e3 Rdd8 24. Nd3 Nxd3 25. Rxd3 Rxd3 26. Qxd3 Rd8 27. Qe2
Qd6 28. Ne4 Nxe4 29. Bxe4 c5 30. Qf3 Qd2 31. Qg3 f6 32. h4 g5 33. hxg5 hxg5 34.
Qh3 Qd7 35. Bf3 Qh7 36. Qg2 Rd2 37. Be4 Qh4 38. Bf3 1-0

[Event "GBR-ch blitz"]
[Site "Birmingham"]
[Date "2019.11.16"]
[Round "5"]
[White "Gormally, Daniel"]
[Black "Rush, Stephen"]
[Result "1-0"]
[WhiteElo "2555"]
[BlackElo "2006"]
[PlyCount "29"]
[EventDate "2019.11.16"]
[EventType "tourn (blitz)"]
[EventRounds "15"]
[EventCountry "ENG"]
[EventCategory "5"]
[SourceTitle "BritBase"]
[Source "John Saunders"]
[SourceDate "2024.03.28"]
[SourceVersion "1"]
[SourceVersionDate "2024.03.28"]
[SourceQuality "1"]

1. d4 e6 2. Nf3 Nf6 3. c4 Bb4+ 4. Nbd2 O-O 5. a3 Be7 6. e4 d5 7. e5 Nfd7 8. Bd3
c5 9. h4 Nc6 10. Bxh7+ Kxh7 11. Ng5+ Kg8 12. Qh5 Bxg5 13. hxg5 f6 14. g6 Rf7
15. Qh8# 1-0

[Event "GBR-ch blitz"]
[Site "Birmingham"]
[Date "2019.11.16"]
[Round "5"]
[White "Greet, Andrew N"]
[Black "Rendle, Thomas"]
[Result "0-1"]
[WhiteElo "2425"]
[BlackElo "2461"]
[PlyCount "58"]
[EventDate "2019.11.16"]
[EventType "tourn (blitz)"]
[EventRounds "15"]
[EventCountry "ENG"]
[EventCategory "5"]
[SourceTitle "BritBase"]
[Source "John Saunders"]
[SourceDate "2024.03.28"]
[SourceVersion "1"]
[SourceVersionDate "2024.03.28"]
[SourceQuality "1"]

1. e4 e6 2. Nf3 d5 3. e5 c5 4. b4 b6 5. d4 Ne7 6. c3 Nf5 7. a3 Nc6 8. Bb2 Be7
9. Bd3 O-O 10. O-O f6 11. b5 Na5 12. Nbd2 c4 13. Bxf5 exf5 14. a4 a6 15. Ba3
Bxa3 16. Rxa3 axb5 17. axb5 f4 18. Re1 Bf5 19. exf6 Qxf6 20. Ne5 Nb7 21. Qa1
Rxa3 22. Qxa3 Nd6 23. Qa6 Ne4 24. Nxe4 dxe4 25. Nxc4 Qg5 26. Qxb6 Bh3 27. g3 e3
28. Nxe3 fxe3 29. Rxe3 Qxe3 0-1

[Event "GBR-ch blitz"]
[Site "Birmingham"]
[Date "2019.11.16"]
[Round "5"]
[White "Pein, Jonathan"]
[Black "Tan, Justin Hy"]
[Result "0-1"]
[WhiteElo "2208"]
[BlackElo "2469"]
[PlyCount "104"]
[EventDate "2019.11.16"]
[EventType "tourn (blitz)"]
[EventRounds "15"]
[EventCountry "ENG"]
[EventCategory "5"]
[SourceTitle "BritBase"]
[Source "John Saunders"]
[SourceDate "2024.03.28"]
[SourceVersion "1"]
[SourceVersionDate "2024.03.28"]
[SourceQuality "1"]

1. e4 e6 2. b3 d5 3. Bb2 Nf6 4. e5 Nfd7 5. Qg4 c5 6. f4 Nc6 7. Nf3 g6 8. Na3 a6
9. c4 d4 10. Nc2 h5 11. Qh3 Bh6 12. Qg3 Ne7 13. Bd3 b5 14. Ng5 Rb8 15. cxb5
axb5 16. O-O c4 17. Be4 d3 18. Nd4 Nc5 19. Bf3 Qb6 20. Ne4 Nf5 21. Nxf5 Nxe4+
22. Bd4 Nxg3 23. Bxb6 Nxf5 24. Ba7 Rb7 25. Bc6+ Kd8 26. Bxb7 Bxb7 27. bxc4 bxc4
28. Rab1 Bc8 29. Rb4 Kd7 30. Rxc4 Ba6 31. Ra4 Bb5 32. Rb4 Bc6 33. Rc1 Ra8 34.
Bf2 Rxa2 35. Rbc4 Ra6 36. g3 Bf8 37. R1c3 Ra1+ 38. Rc1 Rxc1+ 39. Rxc1 Bb4 40.
Kf1 Bf3 41. Be1 Be2+ 42. Kg2 Nd4 43. Rc4 Nc2 44. Bf2 Bxd2 45. Ra4 Ne3+ 46. Kh3
Nf5 47. Kg2 Be3 48. Be1 Kc6 49. Ra2 Kd5 50. Bd2 Bxd2 51. Rxd2 Kd4 52. Kf2 Kc3
0-1

[Event "GBR-ch blitz"]
[Site "Birmingham"]
[Date "2019.11.16"]
[Round "5"]
[White "Sherwin, James T"]
[Black "Haydon, David Leslie"]
[Result "0-1"]
[WhiteElo "2227"]
[BlackElo "2366"]
[PlyCount "94"]
[EventDate "2019.11.16"]
[EventType "tourn (blitz)"]
[EventRounds "15"]
[EventCountry "ENG"]
[EventCategory "5"]
[SourceTitle "BritBase"]
[Source "John Saunders"]
[SourceDate "2024.03.28"]
[SourceVersion "1"]
[SourceVersionDate "2024.03.28"]
[SourceQuality "1"]

1. Nf3 c6 2. e4 d5 3. exd5 cxd5 4. d4 Nc6 5. h3 Nf6 6. Bd3 g6 7. c3 Bf5 8. Bxf5
gxf5 9. Bf4 e6 10. Ne5 Bd6 11. Nd2 Qc7 12. Qe2 Ne4 13. Nxe4 fxe4 14. Nxc6 bxc6
15. Bxd6 Qxd6 16. O-O Rg8 17. f3 exf3 18. Rxf3 Rd8 19. Raf1 Rd7 20. Qf2 Rg7 21.
Qh4 Kf8 22. Rf4 Qe7 23. Qh5 c5 24. dxc5 Qxc5+ 25. Kh1 Qb5 26. R1f2 Qb6 27. Qh4
Qd8 28. Qh5 Qb6 29. Rf6 d4 30. cxd4 Qxd4 31. Kh2 Qd6+ 32. Kh1 Qg3 33. R6f4 Kg8
34. Qe2 h6 35. R4f3 Qg5 36. Kh2 Qd5 37. Qe3 Qd6+ 38. Kh1 Qd1+ 39. Rf1 Qd5 40.
Rg3 Qh5 41. Rxg7+ Kxg7 42. Rf3 Rd1+ 43. Kh2 Kh7 44. Rf4 Rd5 45. Qf2 Kg7 46.
Rg4+ Kf8 47. Qxa7 Qe5+ 0-1